000 00651nam a2200241Ia 4500
003 OSt
005 20221006145050.0
006 a|||||r|||| 00| 0
007 ta
008 221006b |||||||| |||| 00| 0 eng d
020 _c63.00
024 _a13,665
037 _cTextual
040 _aEASL
_cEASL
_beng
041 _2eng
_aeng
082 _aV58:51.N6, K9
100 _aWOLFE Bertram D
245 0 _aIdeology in power
_b Reflections on the Russian revolution
260 _aLondon
_bGeorge Allen &Unwin
_c1969
300 _a406p.
_ccm.
942 _hV58:51.N6, K9
_cTEXL
_2CC
999 _c1081751
_d1081751